01489naa#a2200193#i#4500001001600000005001700016011001400033100004100047102000700088200023100095210053800326215001100864608004500875675017800920700005201098700006401150700006001214856002101274RU\\bibl\12233920260430154144.4##a2307-7476##a20260410b2026####ek#y0rusy0150####ca##aRU1#aПРОГНОЗИРОВАНИЕ ПОЖАРНОЙ ОПАСНОСТИ НА ОСНОВЕ НЕЙРОСЕТЕВОЙ ОБРАБОТКИ ДАННЫХ КОСМИЧЕСКОГО МОНИТОРИНГАeЖурнальная статья1#aСанкт-ПетербургcСанкт-Петербургский университет Государственной противопожарной службы Министерства Российской Федерации по делам гражданской обороны, чрезвычайным ситуациям и ликвидации последствий стихийных бедствий имени Героя Российской Федерации генерала армии Е.Н. Зиничеваd2026##a10 с.##aЖурнальная статья2local##aИскусственный интеллект. 004.8aНесчастные случаи, их опасность, профилактика и борьба с ними. 614.8#1aОстудинgНикита Вадимович#1aМатвеевgАлександр Владимирович#1aСавиноваgЕкатерина Сергеевна4#ajournals.igps.ru